000 00923pam a2200265 a 4500
001 3295539
003 ARRUPE
005 20141118140324.0
008 830330s1983 mdu b 000 0 eng
010 _a 83007016
020 _a0819132063 :
_c$20.75
020 _a0819132071 (pbk.) :
_c$9.75
040 _aDLC
_cDLC
_dDLC
050 0 0 _aBT706
_b.T47 1983
082 0 0 _a234/.165
_219
100 1 _aTetlow, Elisabeth Meier,
_d1942-
_912708
245 1 0 _aPartners in service :
_btoward a Biblical theology of Christian marriage /
_cElisabeth Meier Tetlow, Louis Mulry Tetlow.
260 _aLanham, MD :
_bUniversity Press of America,
_cc1983.
300 _a180, [3] p. ;
_c24 cm.
504 _aBibliography: p. [181]-[182]
650 0 _aMarriage
_xReligious aspects
_xChristianity.
_94421
700 1 _aTetlow, Louis Mulry,
_d1934-
_912709
906 _a7
_bcbc
_corignew
_d1
_eocip
_f19
_gy-gencatlg
942 _2lcc
_cMONOGRAPH
999 _c121260
_d121260